000 00443nam a2200145Ia 4500
008 211109s9999||||xx |||||||||||||| ||und||
082 _a894.8123
_bPAD-K
100 _aPadmarajan, P
245 0 _aKaivariyude Thekkeyattam
260 _bSijo Press Chry No 4854
_a10-31-95
_c1994
300 _a100p.
630 _xGeneral stack
650 _aMalayalam literature
_vMalayalam novel
_xmalayalam fictionLiterature & rhetoricGeneralia
942 _cBOOK
999 _c49658
_d49658